K významu norem ISO jako základu standardizace v praxi soutěžní compliance

Dôvody štandardizácie súťažnej compliance podľa noriem ISO. Aké typy ISO štandardov využívať.

Salvato in:
Dettagli Bibliografici
Autore principale: Koukal, Pavel
Natura: Capitolo di libro
Lingua:ceco
Soggetti:
Tags: Aggiungi Tag
Nessun Tag, puoi essere il primo ad aggiungerne!!

MARC

LEADER 00000naa a2200000 4500
001 0287856
005 20240417075214.5
041 0 |a cze 
044 |a CZ 
245 1 0 |a K významu norem ISO jako základu standardizace v praxi soutěžní compliance  |c Pavel Koukal 
520 |a Dôvody štandardizácie súťažnej compliance podľa noriem ISO. Aké typy ISO štandardov využívať. 
610 2 0 |a normy ISO 
610 2 0 |a štandardizácia 
610 2 0 |a súťaž hospodárska 
610 2 0 |a riadenie kvality 
610 2 0 |a bezpečnosť informačná 
100 1 |a Koukal, Pavel